The history of the municipal university in the United States, (Record no. 21235)

MARC details
000 -LEADER
fixed length control field 01165cam a22002891 4500
001 - CONTROL NUMBER
control field e 32000427
003 - CONTROL NUMBER IDENTIFIER
control field DLC
005 - DATE AND TIME OF LATEST TRANSACTION
control field 20260227111222.0
008 - FIXED-LENGTH DATA ELEMENTS--GENERAL INFORMATION
fixed length control field 791114s1932 xx 000 0 eng c
010 ## - LIBRARY OF CONGRESS CONTROL NUMBER
LC control number e 32000427
035 ## - SYSTEM CONTROL NUMBER
System control number (OCoLC)5695931
040 ## - CATALOGING SOURCE
Original cataloging agency U.S. Office of Education Library
Transcribing agency ScCC
Modifying agency OCoLC
-- DLC
042 ## - AUTHENTICATION CODE
Authentication code premarc
050 00 - LIBRARY OF CONGRESS CALL NUMBER
Classification number L111
Item number .A6 1932 no. 2
051 ## - LIBRARY OF CONGRESS COPY, ISSUE, OFFPRINT STATEMENT
Classification number LB2329
Item number .E35
100 1# - MAIN ENTRY--PERSONAL NAME
Personal name Eckelberry, Roscoe Huhn,
Dates associated with a name 1891-
245 14 - TITLE STATEMENT
Title The history of the municipal university in the United States,
Statement of responsibility, etc. by R.H. Eckelberry.
260 ## - PUBLICATION, DISTRIBUTION, ETC.
Place of publication, distribution, etc. Washington,
Name of publisher, distributor, etc. U.S. Govt. print. off.,
Date of publication, distribution, etc. 1932.
300 ## - PHYSICAL DESCRIPTION
Extent viii, 213 p.
Other physical details incl. tables. front., plates.
Dimensions 23 cm.
490 0# - SERIES STATEMENT
Series statement U.S. Office of education. Bulletin, 1932,
Volume/sequential designation no. 2
500 ## - GENERAL NOTE
General note At head of title: United States Department of the interior. Ray Lyman Wilbur, secretary. Office of education. William John Cooper, commissioner.
504 ## - BIBLIOGRAPHY, ETC. NOTE
Bibliography, etc. note Bibliography: p. 199-213.
504 ## - BIBLIOGRAPHY, ETC. NOTE
Bibliography, etc. note Bibliographical footnotes.
650 #0 - SUBJECT ADDED ENTRY--TOPICAL TERM
Topical term or geographic name entry element Municipal universities and colleges
Geographic subdivision United States.
650 #0 - SUBJECT ADDED ENTRY--TOPICAL TERM
Topical term or geographic name entry element Universities and colleges
Geographic subdivision United States
740 0# - ADDED ENTRY--UNCONTROLLED RELATED/ANALYTICAL TITLE
Uncontrolled related/analytical title Municipal university in the United States.

No items available.

Powered by Koha